000 00532nam a2200193Ia 4500
008 131103s9999 xx 000 0 und d
040 _aLoreto College
041 _aEnglish
082 _a822.91/WIL
_bLCLIB(Press)/12670
100 _aLaver, James
245 _aOscar Wilde
_cJames Laver
260 _aLondon
_bBritish Council
_c1954
300 _a36p.
_c 22cm
504 _aIncludes bibliographical references
650 _aWilde, Oscar
651 _aEnglish drama - ciriticism
850 _aLCLIB/822.91/WIL
942 _cBK
999 _c24885
_d75364